| 000 | 00493pab a2200169 454500 | ||
|---|---|---|---|
| 008 | 180718b1995 xxu||||| |||| 00| 0 eng d | ||
| 100 | _aGhosh, Siddhartha K. | ||
| 245 | _aOrganisational environment for motivation - strategy for transformation | ||
| 260 | _c1995 | ||
| 300 | _ap.10-20 | ||
| 362 | _aJan-Mar | ||
| 650 | _aMotivation - India | ||
| 650 | _aOrganizational change - India | ||
| 650 | _aOrganizations | ||
| 773 | _aIndian Journal of Training and Development | ||
| 909 | _a30619 | ||
| 999 |
_c30619 _d30619 |
||